Statistics for 2019 NCAA College Football Coaches

Click here to take the quiz!

General Stats

  • This quiz has been taken 61 times
  • The average score is 41 of 130

Answer Stats

TeamCoach% Correct
AlabamaNick Saban
91%
ClemsonDabo Swinney
82%
LSUEd Orgeron
82%
Texas A&MJimbo Fisher
80%
Notre DameBrian Kelly
77%
MichiganJim Harbaugh
77%
Penn StateJames Franklin
75%
GeorgiaKirby Smart
75%
Ole MissLane Kiffin
75%
UNCMack Brown
75%
UCLAChip Kelly
73%
Oregon StateJonathan Smith
73%
IllinoisLovie Smith
73%
West VirginiaNeal Brown
73%
Ohio StateRyan Day
73%
NebraskaScott Frost
70%
FloridaDan Mullen
68%
KansasLes Miles
66%
OklahomaLincoln Riley
66%
KentuckyMark Stoops
66%
AuburnGus Malzahn
64%
Washington StateMike Leach
64%
Arizona StateHerm Edwards
61%
BaylorMatt Rhule
61%
MinnesotaPJ Fleck
61%
USCClay Helton
59%
CincinnatiLuke Fickell
59%
Michigan StateMark Dantonio
59%
Oklahoma StateMike Gundy
59%
Western KentuckyTyson Helton
59%
TCUGary Patterson
57%
Miami (FL)Manny Diaz
57%
TexasTom Herman
57%
OregonMario Cristobal
55%
Florida StateMike Norvell
55%
NorthwesternPat Fitzgerald
55%
NevadaJay Norvell
52%
ArizonaKevin Sumlin
52%
StanfordDavid Shaw
50%
VanderbiltDerek Mason
48%
IowaKirk Ferentz
48%
Florida AtlanticWillie Taggart
48%
TennesseeJeremy Pruitt
45%
ColoradoMel Tucker
45%
South CarolinaWill Muschamp
45%
VirginiaBronco Mendenhall
41%
SyracuseDino Babers
41%
RutgersGreg Schiano
41%
Virginia TechJustin Fuente
41%
Iowa StateMatt Campbell
41%
WisconsinPaul Chryst
41%
DukeDavid Cutcliffe
39%
LibertyHugh Freeze
39%
ArkansasSam Pittman
39%
South AlabamaSteve Campbell
39%
UtahKyle Whittingham
36%
UCFJosh Heupel
34%
MissouriEliah Drinkwitz
32%
PurdueJeff Brohm
32%
IndianaTom Allen
32%
WashingtonJimmy Lake
30%
PittsburghPat Narduzzi
30%
Florida InternationalButch Davis
27%
HoustonDana Holgorsen
27%
MarylandMike Locksley
27%
Mississippi StateJoe Moorhead
25%
SMUSonny Dykes
25%
Arkansas StateBlake Anderson
23%
Georgia TechGeoff Collins
23%
Boise StateBryan Harsin
20%
OhioFrank Solich
18%
CaliforniaJustin Wilcox
18%
Louisiana TechSkip Holtz
18%
LouisianaBilly Napier
16%
Wake ForestDave Clawson
16%
Central MichiganJim McElwain
16%
Texas TechMatt Wells
16%
UConnRandy Edsall
16%
Colorado StateSteve Addazio
16%
MarshallDoc Holliday
14%
Utah StateGary Andersen
14%
TulaneWillie Fritz
14%
NC StateDavid Doeren
11%
Boston CollegeJeff Hafley
11%
South FloridaJeff Scott
11%
NavyKen Niumatalolo
11%
LouisvilleScott Satterfield
11%
ArmyJeff Monken
9%
BYUKalani Sitake
9%
Fresno StateKalen DeBoer
9%
HawaiiNick Rolovich
9%
TulsaPhillip Montgomery
9%
Kent StateSean Lewis
9%
UABBill Clark
7%
TempleRod Carey
7%
Appalachian StateShawn Clark
7%
Western MichiganTim Lester
7%
Air ForceTroy Calhoun
7%
UMassWalt Bell
7%
CharlotteWill Healy
7%
WyomingCraig Bohl
5%
Coastal CarolinaJamie Chadwell
5%
BuffaloLance Leipold
5%
San Diego StateRocky Long
5%
MemphisRyan Silverfield
5%
North TexasSeth Littrell
5%
AkronTom Arth
5%
San Jose StateBrent Brennan
2%
TroyChip Lindsey
2%
Eastern MichiganChris Creighton
2%
Kansas StateChris Kileman
2%
Miami (OH)Chuck Martin
2%
New MexicoDanny Gonzales
2%
New Mexico StateDoug Martin
2%
UNLVMarcus Arroyo
2%
East CarolinaMike Houston
2%
Middle TennesseeRick Stockstill
2%
Bowling GreenScott Loeffler
2%
Georgia StateShawn Elliott
2%
Northern IllinoisThomas Hammock
2%
Georgia SouthernChad Lunsford
0%
UTEPDana Dimel
0%
Texas StateJake Spavital
0%
ToledoJason Candle
0%
Southern MissJay Hopson
0%
UTSAJeff Traylor
0%
Louisiana-MonroeMatt Viator
0%
RiceMike Bloomgren
0%
Ball StateMike Neu
0%
Old DominionRicky Rahne
0%

Score Distribution

Percentile by Number Answered

Percent of People with Each Score

Your Score History

You have not taken this quiz